MARC

LEADER 00000nam0a2200000 4500
001 34834
005 20231030231551.0
010 |a 5732501037 
035 |a (RuTPU)RU\TPU\book\35244 
035 |a BOOK00001896 
090 |a 34834 
100 |a 20011210d1991 km y0rusy50 ca 
101 0 |a rus 
102 |a RU 
105 |a y z 000zy 
200 1 |a Автоматизированные системы управления технологическими процессами  |f В. М. Вальков, В. Е. Вершин 
205 |a 3-е изд., перераб. и доп. 
210 |a Ленинград  |c Политехника  |d 1991 
215 |a 269 с. 
610 1 |a архитектура 
610 1 |a программные средства 
610 1 |a управление 
610 1 |a автоматизированные системы 
610 1 |a технологические процессы 
610 1 |a информационное построение 
610 1 |a лингвистическое построение 
610 1 |a организационное построение 
610 1 |a гибкие производства 
610 1 |a автоматизированные производства 
675 |a 658.512.4.011.56  |v 3 
700 1 |a Вальков  |b В. М.  |g Виталий Михайлович 
701 1 |a Вершин  |b В. Е.  |g Виктор Евгеньевич 
801 0 |a RU  |b 63413507  |c 20011210  |g PSBO 
801 2 |a RU  |b 63413507  |c 20121108  |g PSBO 
900 |a Архитектура и программные средства распределенных систем управления 
942 |c BK